Statistics for Weird laws by country

Click here to take the quiz!

General Stats

  • This quiz has been taken 447 times
  • The average score is 7 of 15

Answer Stats

LawCountry% Correct
Illegal for your chicken to cross the roadUnited States (Georgia)
83%
Illegal to chew gumSingapore
74%
Illegal to ride a drunk cowUnited Kingdom (Scotland)
71%
Men must wear speedos on beaches in this countryFrance
70%
Illegal to run out of fuel on the highwayGermany
63%
Illegal to wear lace underwearRussia
62%
Illegal to dance in the dark after midnightJapan
60%
Radio stations must play artists from their country at least 35% of the timeCanada
58%
Illegal to build a sandcastleSpain
56%
Do not wear a Winnie the Pooh shirt in publicPoland
35%
Illegal to wear a mask in publicDenmark
31%
Illegal to hike nakedSwitzerland
30%
No water pistols on New Year'sCambodia
26%
Illegal to take selfies with BuddhaSri Lanka
20%
Married women can only have one glass of wineBolivia
4%

Score Distribution

Percentile by Number Answered

Percent of People with Each Score

Your Score History

You have not taken this quiz